000
00195 a2200097 4500
001
10890
100
_a
Granston, R.
245
_a
World Fith
260
_a
_b
Skeffington
_c
090
_c
8463
_d
8463
942
_a
NUST-CAE
_c
M]
_c
35226
999
_c
245963
_d
245963